ბათუმის შოთა რუსთაველის სახელმწიფო უნივერსიტეტის ბიბლიოთეკა

ხილ-ბოსტნეულის სამაცივრო ტექნიკა-ტექნოლოგია (ბიბ.ჩანაწერი № 50797)

000 -LEADER
fixed length control field 00907nam a2200229Ia 4500
001 - CONTROL NUMBER
control field 17749
003 - CONTROL NUMBER IDENTIFIER
control field GE_BSU
008 - FIXED-LENGTH DATA ELEMENTS--GENERAL INFORMATION
fixed length control field 181216s||||||||xx |||||||||||||| ||und||
020 ## - INTERNATIONAL STANDARD BOOK NUMBER
International Standard Book Number 9789941448478
040 ## - CATALOGING SOURCE
Transcribing agency GE_BSU
080 ## - UNIVERSAL DECIMAL CLASSIFICATION NUMBER
Universal Decimal Classification number 631.563(042.4)+621.56/59
100 ## - MAIN ENTRY--PERSONAL NAME
Personal name მიქაბერიძე, მაყვალა.
245 ## - TITLE STATEMENT
Title ხილ-ბოსტნეულის სამაცივრო ტექნიკა-ტექნოლოგია
245 ## - TITLE STATEMENT
Statement of responsibility, etc. რედ.: მაყვალა ფრუიძე
260 ## - PUBLICATION, DISTRIBUTION, ETC.
Place of publication, distribution, etc. ქუთაისი
260 ## - PUBLICATION, DISTRIBUTION, ETC.
Name of publisher, distributor, etc. აკაკი წერეთლის სახ. უნ-ტი
260 ## - PUBLICATION, DISTRIBUTION, ETC.
Date of publication, distribution, etc. 2013
300 ## - PHYSICAL DESCRIPTION
Extent 216გვ. 21სმ. ცხრ.
300 ## - PHYSICAL DESCRIPTION
Accompanying material ბიბლ.გვ.213-214
653 ## - INDEX TERM--UNCONTROLLED
Uncontrolled term ხილ-ბოსტნეულის სამაცივრო ტექნიკა-ტექნოლოგია
942 ## - ADDED ENTRY ELEMENTS (KOHA)
Koha item type წიგნი
ეგზემპლარები
Withdrawn status Lost status Damaged status Not for loan Date acquired Barcode Date last seen Price effective from Koha item type
        2018-12-17 41605 2018-12-17 2018-12-17 წიგნი